000 004420000a22001210004500
041 0 _aSPA
082 0 4 _aAV 0244
110 1 _aFederación Universal de Movimientos Estudiantiles Cristianos (FUMEC)
245 1 0 _aY me seréis testigos : Testimonio Estudiantil en Sociedades Pluralistas / La 30ava Asamblea General de la Federación Universal de los Movimientos Estudiantiles Cristianos FUMEC
300 _a16 Pág.
001 14113
942 _cBK
999 _c43026
_d43026